[Event "Portugal Open 2018"]
[Site "Lisboa POR"]
[Date "2018.02.06"]
[Round "6.54"]
[White "Gorny, Michael"]
[Black "Boucquet, Emile"]
[Result "1-0"]
[WhiteElo "1836"]
[BlackElo "2183"]
[WhiteFideId "12953628"]
[BlackFideId "233161"]
[WhiteCountry "GER"]
[BlackCountry "BEL"]
[PlyCount "61"]
[EventDate "2018.??.??"]

1. d4 d5 2. c4 e6 3. cxd5 exd5 4. Nc3 Nf6 5. Bg5 Bd6 6. e3 Be6 7. Bd3 O-O 8. Nf3
Nbd7 9. Qc2 h6 10. Bh4 c6 11. O-O-O Qa5 12. Kb1 b5 13. Nd2 Rfc8 14. Rc1 c5 15.
Bxb5 cxd4 16. Nb3 Qb4 17. a3 d3 18. axb4 dxc2+ 19. Kxc2 Ne4 20. f3 Nxc3 21. bxc3
Bxb4 22. Kd2 Ba3 23. Rc2 Rab8 24. Nd4 Ne5 25. Bg3 Bd6 26. Ra1 Nc4+ 27. Bxc4 Bxg3
28. Ba6 Bxh2 29. Bxc8 Rxc8 30. f4 Bg4 31. Ne2 1-0

[Event "Portugal Open 2018"]
[Site "Lisboa POR"]
[Date "2018.02.06"]
[Round "6.55"]
[White "Pein, Jonathan"]
[Black "Larsen, Sander"]
[Result "1-0"]
[WhiteElo "2177"]
[BlackElo "1824"]
[WhiteFideId "417092"]
[BlackFideId "227315"]
[WhiteCountry "ENG"]
[BlackCountry "BEL"]
[PlyCount "33"]
[EventDate "2018.??.??"]

1. e4 c5 2. Ne2 e6 3. g3 Nc6 4. Bg2 Qc7 5. c3 Nf6 6. O-O d5 7. exd5 Nxd5 8. Re1
Be7 9. d4 cxd4 10. Nxd4 Nxd4 11. Qxd4 O-O 12. Nd2 Rd8 13. Qg4 Bd7 14. Bxd5 exd5
15. Rxe7 Re8 16. Rxd7 Re1+ 17. Nf1 1-0

[Event "Portugal Open 2018"]
[Site "Lisboa POR"]
[Date "2018.02.06"]
[Round "6.56"]
[White "Van Ginkel, Henk"]
[Black "Apanasenok, Alexander"]
[Result "0-1"]
[WhiteElo "1849"]
[BlackElo "2236"]
[WhiteFideId "1036394"]
[BlackFideId "4139305"]
[WhiteCountry "NED"]
[BlackCountry "RUS"]
[PlyCount "97"]
[EventDate "2018.??.??"]

1. e4 c5 2. Nc3 e6 3. g3 a6 4. Bg2 Nc6 5. d3 b5 6. a3 Bb7 7. Be3 d6 8. f4 Nf6 9.
h3 d5 10. Bf2 Be7 11. Nf3 Qc7 12. e5 Nd7 13. O-O O-O 14. Qd2 f6 15. exf6 Bxf6
16. Rae1 Rae8 17. Kh2 Qd6 18. Re2 b4 19. axb4 cxb4 20. Nd1 a5 21. Rfe1 a4 22. c3
a3 23. bxa3 bxa3 24. Qa2 Ba6 25. Rd2 Kh8 26. Bf1 Ra8 27. Kg2 Rfb8 28. Rc2 Bb5
29. Nd2 Ba4 30. Rc1 Bxd1 31. Rexd1 Rb2 32. Qa1 Nc5 33. Bxc5 Qxc5 34. d4 Qa5 35.
Kh1 h6 36. Nf3 Rf2 37. Bg2 Rb8 38. Rb1 Rbb2 39. Rxb2 Rxb2 40. Rc1 Qa4 41. Bf1
Qb3 42. Bd3 a2 43. Ne1 Na5 44. Nc2 Rb1 45. Nb4 Rxa1 46. Rxa1 Qxc3 47. Rxa2 Qxb4
48. Ra1 Qxd4 49. Ra3 0-1

[Event "Portugal Open 2018"]
[Site "Lisboa POR"]
[Date "2018.02.06"]
[Round "6.57"]
[White "Craciun, Ion"]
[Black "Ermeni, Avni"]
[Result "0-1"]
[WhiteElo "1974"]
[BlackElo "2214"]
[WhiteFideId "13902440"]
[BlackFideId "912840"]
[BlackTitle "FM"]
[WhiteCountry "POR"]
[BlackCountry "KOS"]
[PlyCount "82"]
[EventDate "2018.??.??"]

1. d4 Nf6 2. c4 c5 3. d5 b5 4. cxb5 a6 5. bxa6 g6 6. Nc3 d6 7. f4 Bg7 8. Nf3 O-O
9. e4 Qa5 10. Bd2 Bxa6 11. Bxa6 Qxa6 12. Qe2 Qxe2+ 13. Kxe2 Nbd7 14. Rhe1 Rfb8
15. Rab1 Ne8 16. a3 Nc7 17. Kf1 Nb6 18. e5 Nbxd5 19. Ne4 Rb6 20. g3 Ra4 21. Nc3
Ra8 22. Ne4 Ne6 23. Nc3 Ndc7 24. g4 Rab8 25. f5 Nd4 26. Nxd4 cxd4 27. Na4 Ra6
28. exd6 exd6 29. b3 Be5 30. fxg6 hxg6 31. h3 f6 32. g5 f5 33. Kg2 Kf7 34. Kf3
Nb5 35. Nc5 Rxa3 36. Nd3 Ra2 37. Bb4 Nc7 38. Rbc1 Nd5 39. Nxe5+ dxe5 40. Rxe5
Rxb4 41. Rxd5 Ke6 0-1

[Event "Portugal Open 2018"]
[Site "Lisboa POR"]
[Date "2018.02.06"]
[Round "6.58"]
[White "Fidalgo, Daniel"]
[Black "Van Zyl-Rudd, Jack"]
[Result "1-0"]
[WhiteElo "1966"]
[BlackElo "2197"]
[WhiteFideId "1934279"]
[BlackFideId "14309017"]
[BlackTitle "FM"]
[WhiteCountry "POR"]
[BlackCountry "RSA"]
[PlyCount "99"]
[EventDate "2018.??.??"]

1. c4 e5 2. g3 Nf6 3. Bg2 Nc6 4. Nc3 Bc5 5. e3 d5 6. cxd5 Nb4 7. d4 exd4 8. exd4
Be7 9. a3 Nbxd5 10. Nge2 O-O 11. O-O c6 12. Nf4 Nxf4 13. Bxf4 Be6 14. Re1 Qd7
15. Qd2 Rad8 16. Rad1 Bb3 17. Rc1 Rfe8 18. Ne2 Bd5 19. Bxd5 Qxd5 20. Nc3 Qf5 21.
Kg2 Nd5 22. Nxd5 Qxd5+ 23. Kg1 Bf6 24. Rxe8+ Rxe8 25. Re1 Rd8 26. Qe3 h6 27. Be5
Bxe5 28. dxe5 Qd2 29. e6 Qxe3 30. exf7+ Kxf7 31. Rxe3 c5 32. Kf1 b5 33. Re5 Rc8
34. Ke2 Kf6 35. f4 g5 36. Rd5 gxf4 37. gxf4 a5 38. Ke3 b4 39. Kd3 c4+ 40. Kc2 c3
41. Rxa5 b3+ 42. Kc1 c2 43. Rb5 Rc4 44. Rxb3 Kf5 45. Rc3 Rxf4 46. Rxc2 h5 47. b4
h4 48. b5 Ra4 49. b6 Rxa3 50. b7 1-0

[Event "Portugal Open 2018"]
[Site "Lisboa POR"]
[Date "2018.02.06"]
[Round "6.59"]
[White "Hasman, Cengiz"]
[Black "Vanden Bussche, Steven"]
[Result "0-1"]
[WhiteElo "2161"]
[BlackElo "1940"]
[WhiteFideId "413364"]
[BlackFideId "228699"]
[BlackCountry "BEL"]
[PlyCount "110"]
[EventDate "2018.??.??"]

1. b3 d5 2. Bb2 Nf6 3. e3 Bf5 4. Nf3 e6 5. Be2 h6 6. O-O Bd6 7. Nd4 Bh7 8. Nb5
Be7 9. Be5 Na6 10. Bg3 c6 11. N5c3 Nc5 12. d4 Nce4 13. Be5 O-O 14. f3 Nd6 15.
Nd2 Nf5 16. Kf2 Nd7 17. Bg3 Bg5 18. f4 Bf6 19. Nf3 c5 20. Na4 h5 21. h3 Nd6 22.
Kg1 b5 23. Nc3 cxd4 24. Nxd4 Bxd4 25. exd4 b4 26. Na4 h4 27. Be1 a5 28. a3 bxa3
29. Rxa3 Nf5 30. Bf2 Qc7 31. Bb5 Nf6 32. Nc5 Qxf4 33. Bd3 Ne4 34. Bxe4 dxe4 35.
Qg4 Qd6 36. c3 Rfc8 37. Ra4 e3 38. Bxh4 Rxc5 39. dxc5 Qxc5 40. Rc1 Rb8 41. Rc4
Qb6 42. b4 a4 43. Rc5 Qd6 44. Rd1 Qa6 45. Bf6 Bg6 46. Be5 Ra8 47. Ra5 Qb7 48.
Rxa8+ Qxa8 49. Qg5 Kh7 50. Qf4 a3 51. g4 Nh4 52. Qg3 Nf3+ 53. Kh1 Nxe5+ 54. Kh2
Nf3+ 55. Kh1 e2 0-1

[Event "Portugal Open 2018"]
[Site "Lisboa POR"]
[Date "2018.02.06"]
[Round "6.60"]
[White "Fernandes, Ricardo Paulos"]
[Black "Dias, Ivo"]
[Result "0-1"]
[WhiteElo "1920"]
[BlackElo "2158"]
[WhiteFideId "1943464"]
[BlackFideId "1901680"]
[BlackTitle "CM"]
[WhiteCountry "POR"]
[BlackCountry "POR"]
[PlyCount "64"]
[EventDate "2018.??.??"]

1. b3 e5 2. Bb2 Nc6 3. c4 Nf6 4. e3 d5 5. cxd5 Nxd5 6. a3 Bd6 7. d3 O-O 8. Nd2
Qe7 9. Ngf3 Be6 10. Be2 Rfd8 11. O-O a5 12. Nc4 f6 13. Kh1 Qf7 14. Rg1 Bf8 15.
g4 e4 16. Nh4 exd3 17. Bxd3 b5 18. Qc2 g6 19. Nd2 Ndb4 20. axb4 Nxb4 21. Qb1
Nxd3 22. Rg2 Nxb2 23. Qxb2 Bg7 24. Rag1 f5 25. Qc2 fxg4 26. Ne4 Bxb3 27. Qb1 a4
28. Ng5 Qd5 29. f4 Qd3 30. Qc1 a3 31. Qxc7 a2 32. Ra1 Qc3 0-1

[Event "Portugal Open 2018"]
[Site "Lisboa POR"]
[Date "2018.02.06"]
[Round "6.61"]
[White "Taylor, Robert Graham"]
[Black "Pérez García, Roberto"]
[Result "0-1"]
[WhiteElo "1906"]
[BlackElo "2142"]
[WhiteFideId "1800841"]
[BlackFideId "2217708"]
[WhiteCountry "WLS"]
[BlackCountry "ESP"]
[PlyCount "72"]
[EventDate "2018.??.??"]

1. Nf3 Nf6 2. g3 g6 3. Bg2 Bg7 4. O-O O-O 5. d3 d5 6. Nbd2 Nc6 7. c3 a5 8. Qc2
e5 9. e4 Re8 10. exd5 Nxd5 11. Ne4 h6 12. h3 b6 13. a3 a4 14. c4 Nde7 15. Be3
Bd7 16. Rad1 Nf5 17. Kh2 Ra5 18. Nc3 Ncd4 19. Bxd4 Nxd4 20. Nxd4 exd4 21. Nd5 c6
22. Nb4 Rh5 23. Rde1 Rxe1 24. Rxe1 Bxh3 25. Bxc6 Bd7+ 26. Kg1 Bxc6 27. Nxc6 Qd7
28. Ne7+ Kh7 29. Qe2 Re5 30. Qxe5 Bxe5 31. Rxe5 Qg4 32. Re4 Qd1+ 33. Kg2 Qxd3
34. Nd5 Kg7 35. Rf4 Qxc4 36. Nb4 Qe2 0-1

[Event "Portugal Open 2018"]
[Site "Lisboa POR"]
[Date "2018.02.06"]
[Round "6.62"]
[White "Gonzalez Pruneda, Arturo"]
[Black "Silva, Mariana"]
[Result "1/2-1/2"]
[WhiteElo "2126"]
[BlackElo "1901"]
[WhiteFideId "2256860"]
[BlackFideId "1911899"]
[BlackTitle "WCM"]
[WhiteCountry "ESP"]
[BlackCountry "POR"]
[PlyCount "124"]
[EventDate "2018.??.??"]

1. e4 c5 2. Nf3 Nc6 3. d4 cxd4 4. Nxd4 g6 5. c4 Bg7 6. Be3 Nf6 7. Nc3 O-O 8. Be2
d6 9. O-O Nxd4 10. Bxd4 Bd7 11. Qd2 Bc6 12. f3 a5 13. b3 Nd7 14. Bxg7 Kxg7 15.
Qd4+ Kg8 16. Rfc1 Nc5 17. Rab1 e5 18. Qe3 Ne6 19. Bd3 Nd4 20. Ne2 Nxe2+ 21. Bxe2
Qe7 22. Rd1 Rfd8 23. Rd2 Kg7 24. Rbd1 Rd7 25. a3 Rdd8 26. Qc3 Kg8 27. Qe3 Kg7
28. g3 h5 29. Rd3 f6 30. Qd2 Kf7 31. Rxd6 Rxd6 32. Qxd6 Qxd6 33. Rxd6 Ke7 34. c5
Rd8 35. Rxd8 Kxd8 36. Bc4 Be8 37. Kf2 Kc7 38. Ke3 g5 39. b4 axb4 40. axb4 b6 41.
cxb6+ Kxb6 42. h4 Bg6 43. hxg5 fxg5 44. f4 exf4+ 45. gxf4 gxf4+ 46. Kxf4 Be8 47.
Kg5 Kc6 48. e5 Kc7 49. Be2 Kc6 50. Bc4 Kc7 51. Bb3 Kd8 52. Kf6 Bc6 53. Be6 Be8
54. Bf7 h4 55. e6 h3 56. e7+ Kd7 57. Be6+ Kc6 58. Bxh3 Kb5 59. Kg7 Kxb4 60. Kf8
Bc6 61. Be6 Kc5 62. Bf7 Kd6 1/2-1/2

[Event "Portugal Open 2018"]
[Site "Lisboa POR"]
[Date "2018.02.06"]
[Round "6.63"]
[White "Cruz, Jorge"]
[Black "Horta, António"]
[Result "1-0"]
[WhiteElo "2113"]
[BlackElo "1906"]
[WhiteFideId "1903977"]
[BlackFideId "1916971"]
[WhiteCountry "POR"]
[BlackCountry "POR"]
[PlyCount "41"]
[EventDate "2018.??.??"]

1. e4 d6 2. d4 Nf6 3. Nc3 e5 4. Nf3 Nbd7 5. Bc4 Be7 6. Bxf7+ Kxf7 7. Ng5+ Kg8 8.
Ne6 Qe8 9. Nxc7 Qg6 10. O-O Rb8 11. f4 Nf8 12. dxe5 dxe5 13. Be3 Bg4 14. Qd3
N6d7 15. N3d5 Qd6 16. Qb3 Be6 17. Nxe6 Nxe6 18. Nxe7+ Qxe7 19. f5 Ndc5 20. Bxc5
Qxc5+ 21. Kh1 1-0

[Event "Portugal Open 2018"]
[Site "Lisboa POR"]
[Date "2018.02.06"]
[Round "6.64"]
[White "Vandamme, Florian"]
[Black "Santos, José Gulherme"]
[Result "1/2-1/2"]
[WhiteElo "1898"]
[BlackElo "2098"]
[WhiteFideId "228672"]
[BlackFideId "1939300"]
[WhiteCountry "BEL"]
[BlackCountry "POR"]
[PlyCount "133"]
[EventDate "2018.??.??"]

1. d4 Nf6 2. c4 g6 3. Nf3 Bg7 4. g3 O-O 5. Bg2 d6 6. O-O Nbd7 7. Nc3 c6 8. h3 e5
9. e4 Qc7 10. Be3 Re8 11. Qc2 exd4 12. Nxd4 a5 13. Rad1 Nc5 14. Ndb5 cxb5 15.
Nxb5 Qe7 16. Nxd6 Na6 17. Nxe8 Qxe8 18. Rd6 Nb4 19. Qb1 Be6 20. b3 Nd7 21. Rc1
Qe7 22. Rd2 Re8 23. Bd4 Bxd4 24. Rxd4 Ne5 25. c5 Bxh3 26. f4 Bxg2 27. Kxg2 Nbc6
28. Rd6 Nd7 29. e5 Nf8 30. Rcd1 Rd8 31. Qd3 Ne6 32. Qc3 Rxd6 33. cxd6 Qd7 34.
Rd2 Ng7 35. a3 Qf5 36. Qd3 Qxd3 37. Rxd3 Ne6 38. Rc3 Ned8 39. Kf2 Kg7 40. Ke3 f6
41. Ke4 fxe5 42. fxe5 Nf7 43. Rc5 Ncxe5 44. Rxa5 Nc6 45. Rd5 Kf8 46. b4 Ke8 47.
b5 Nb8 48. Kd4 b6 49. Kc4 Kd7 50. a4 Nxd6+ 51. Kb4 Kc7 52. g4 h6 53. a5 Nd7 54.
a6 Nc8 55. Rd2 Ne5 56. Rd4 Kb8 57. Re4 Nd3+ 58. Kc3 Nc5 59. Re8 h5 60. gxh5 gxh5
61. Rh8 Ne4+ 62. Kd4 Ned6 63. Rxh5 Na7 64. Rh8+ Kc7 65. Rh7+ Kb8 66. Rh8+ Kc7
67. Rh7+ 1/2-1/2

[Event "Portugal Open 2018"]
[Site "Lisboa POR"]
[Date "2018.02.06"]
[Round "6.65"]
[White "Pintor, Simão"]
[Black "Quintino, Luís"]
[Result "0-1"]
[WhiteElo "2060"]
[BlackElo "1899"]
[WhiteFideId "1904787"]
[BlackFideId "1904086"]
[WhiteCountry "POR"]
[BlackCountry "POR"]
[PlyCount "76"]
[EventDate "2018.??.??"]

1. Nf3 d5 2. g3 Nf6 3. Bg2 c5 4. b3 Nc6 5. Bb2 g6 6. O-O Bg7 7. c4 d4 8. e3 Bg4
9. h3 Bxf3 10. Bxf3 Rc8 11. Na3 d3 12. Nb5 a6 13. Nc3 O-O 14. Qc1 Re8 15. Ne4
Nxe4 16. Bxe4 Bxb2 17. Qxb2 Qd7 18. Kh2 Red8 19. f4 f5 20. Bf3 e6 21. g4 Qg7 22.
Qxg7+ Kxg7 23. Bxc6 Rxc6 24. Rae1 b5 25. e4 bxc4 26. bxc4 Rd4 27. exf5 gxf5 28.
Re3 Rcd6 29. gxf5 exf5 30. Re7+ Kh6 31. Re5 Rxc4 32. Rxf5 Rc2 33. Rf2 c4 34. Rg5
c3 35. Rgg2 Rg6 36. Rf1 Rxg2+ 37. Kxg2 Rxd2+ 38. Kf3 c2 0-1

[Event "Portugal Open 2018"]
[Site "Lisboa POR"]
[Date "2018.02.06"]
[Round "6.66"]
[White "Nikanova, Ekaterina"]
[Black "Rumsey, Victor"]
[Result "1-0"]
[WhiteElo "2048"]
[BlackElo "1888"]
[WhiteFideId "13506374"]
[BlackFideId "432873"]
[WhiteCountry "BLR"]
[BlackCountry "ENG"]
[PlyCount "81"]
[EventDate "2018.??.??"]

1. e4 e5 2. Nf3 Nc6 3. Bb5 a6 4. Ba4 Nf6 5. O-O Be7 6. c3 d6 7. h3 O-O 8. Re1 b5
9. Bc2 d5 10. d4 dxe4 11. Nxe5 Bb7 12. Ng4 Ne8 13. Bxe4 f5 14. Qb3+ Kh8 15. Bxc6
Bxc6 16. Ne5 Bd5 17. Qd1 Nd6 18. Nd2 Ne4 19. Nxe4 Bxe4 20. b3 c5 21. dxc5 Bxc5
22. Qxd8 Raxd8 23. Be3 Bd6 24. Nf3 Ba3 25. Rad1 Bb2 26. Bd4 b4 27. Bc5 bxc3 28.
Bxf8 Rxf8 29. Ng5 c2 30. Rc1 Bxc1 31. Rxc1 Bd3 32. Ne6 Rc8 33. f3 Be2 34. Nd4
Bd1 35. Nxf5 Re8 36. Nd4 Rc8 37. Kf2 Kg8 38. Ke3 Kf7 39. Kd2 Rd8 40. Kc3 Rd5 41.
Nxc2 1-0

[Event "Portugal Open 2018"]
[Site "Lisboa POR"]
[Date "2018.02.06"]
[Round "6.67"]
[White "Silva, Ana Inês"]
[Black "Mikalsen, Harald"]
[Result "0-1"]
[WhiteElo "1873"]
[BlackElo "2026"]
[WhiteFideId "1932543"]
[BlackFideId "1511564"]
[WhiteCountry "POR"]
[BlackCountry "NOR"]
[PlyCount "126"]
[EventDate "2018.??.??"]

1. e4 e5 2. Nf3 Nf6 3. Nc3 Nc6 4. d4 exd4 5. Nxd4 Bb4 6. Nxc6 bxc6 7. Bd3 O-O 8.
O-O d5 9. exd5 cxd5 10. Bg5 Bxc3 11. bxc3 h6 12. Bh4 Qd6 13. Bg3 Qc6 14. Qd2 Ne4
15. Bxe4 dxe4 16. Rfe1 Be6 17. a3 Rab8 18. Rab1 Rb6 19. Rb4 Ra6 20. a4 Rxa4 21.
Rxa4 Qxa4 22. Bxc7 Rc8 23. Be5 a5 24. h3 Qb5 25. Qd4 f6 26. Bf4 Qc4 27. Qd6 Qc6
28. Qe7 Qe8 29. Qxe8+ Rxe8 30. Ra1 Ra8 31. Ra4 Bd7 32. Rxe4 a4 33. Re1 a3 34.
Ra1 a2 35. Kf1 Bf5 36. Ke1 Bxc2 37. Kd2 Bb1 38. Kc1 g5 39. Bd6 Re8 40. c4 Re1+
41. Kb2 Re2+ 42. Kc3 Rxf2 43. g3 Kf7 44. c5 Ke6 45. Kc4 Kd7 46. Kb3 Kc6 47. Kc4
Rc2+ 48. Kd4 Rh2 49. Ke3 Rxh3 50. Kf3 Rh1 51. Kf2 f5 52. Ke3 Kd5 53. Bf8 Rh2 54.
Be7 Rc2 55. Bf8 Rc3+ 56. Kd2 Rxg3 57. Ke2 Ke4 58. c6 Rg2+ 59. Kf1 Rc2 60. Bxh6
g4 61. Bg5 Rxc6 62. Ke1 Kf3 63. Kf1 g3 0-1

[Event "Portugal Open 2018"]
[Site "Lisboa POR"]
[Date "2018.02.06"]
[Round "6.68"]
[White "Lavrador, Rodolfo"]
[Black "Chaerle, Josse"]
[Result "1-0"]
[WhiteElo "1859"]
[BlackElo "2011"]
[WhiteFideId "1908367"]
[BlackFideId "229920"]
[WhiteTitle "NM"]
[WhiteCountry "POR"]
[BlackCountry "BEL"]
[PlyCount "99"]
[EventDate "2018.??.??"]

1. e4 c5 2. Nf3 Nc6 3. d4 cxd4 4. Nxd4 e5 5. Nxc6 bxc6 6. c4 Nf6 7. Qc2 Bc5 8.
Be2 d6 9. O-O Ng4 10. Nc3 Qh4 11. Bxg4 Bxg4 12. Qd3 O-O 13. Be3 Bxe3 14. Qxe3
Qe7 15. b3 Rfd8 16. f3 Be6 17. Rad1 Qc7 18. Rd2 Rd7 19. Rfd1 Rad8 20. Kf2 f6 21.
g3 a5 22. h4 Qb7 23. Na4 Qc7 24. Qb6 Qxb6+ 25. Nxb6 Rb7 26. Rxd6 Rxd6 27. Rxd6
Rxb6 28. Rxe6 a4 29. bxa4 Rb2+ 30. Ke3 Rxa2 31. Rxc6 Ra3+ 32. Ke2 Rxa4 33. c5
Rc4 34. g4 h5 35. gxh5 Kh7 36. Rc8 Rc2+ 37. Kd3 Rc1 38. c6 Rc5 39. c7 Rc6 40.
Kd2 Rc4 41. Ke3 Rc2 42. f4 Rc3+ 43. Kd2 Rc4 44. fxe5 fxe5 45. Kd3 Rc1 46. Ke3
Rc3+ 47. Kf2 Rc2+ 48. Kf3 Rc4 49. Kg3 Kh6 50. Rh8# 1-0

[Event "Portugal Open 2018"]
[Site "Lisboa POR"]
[Date "2018.02.06"]
[Round "6.69"]
[White "Silva, Pedro Gil"]
[Black "Oliveira, Marco"]
[Result "0-1"]
[WhiteElo "1766"]
[BlackElo "2008"]
[WhiteFideId "1946102"]
[BlackFideId "1901583"]
[WhiteCountry "POR"]
[BlackCountry "POR"]
[PlyCount "88"]
[EventDate "2018.??.??"]

1. e4 c5 2. Nf3 d6 3. d4 cxd4 4. Nxd4 Nf6 5. Nc3 a6 6. g3 e6 7. Bg2 Be7 8. O-O
O-O 9. Re1 Nbd7 10. h3 Qc7 11. a4 Ne5 12. f4 Nc4 13. b3 Na5 14. Qd3 e5 15. Nde2
Nc6 16. Ba3 Rd8 17. Nd5 Nxd5 18. exd5 Nb4 19. Bxb4 Qb6+ 20. Kh2 Qxb4 21. c3 Qb6
22. a5 Qc7 23. c4 Bf6 24. Rac1 Qxa5 25. Rf1 Re8 26. Be4 h6 27. fxe5 Rxe5 28. Nf4
Rg5 29. h4 Re5 30. Rce1 Bg4 31. Bh7+ Kh8 32. Rxe5 dxe5 33. Ng2 Re8 34. Bf5 Bxf5
35. Qxf5 Qa2 36. Qd7 Rd8 37. Qxb7 e4 38. Qxf7 Qb2 39. Qe6 Rb8 40. Qxe4 Rxb3 41.
Qe8+ Kh7 42. d6 Be5 43. Qe6 Rxg3 44. Qf5+ Rg6+ 0-1

[Event "Portugal Open 2018"]
[Site "Lisboa POR"]
[Date "2018.02.06"]
[Round "6.70"]
[White "Terryn, Ezra"]
[Black "Dumont, Vincent"]
[Result "1-0"]
[WhiteElo "1993"]
[BlackElo "1849"]
[WhiteFideId "233196"]
[BlackFideId "206199"]
[WhiteCountry "BEL"]
[BlackCountry "BEL"]
[PlyCount "45"]
[EventDate "2018.??.??"]

1. e4 b6 2. Nc3 Bb7 3. d4 e6 4. Bd3 g6 5. Nf3 Bg7 6. O-O d6 7. Bg5 f6 8. Bh4 g5
9. Bg3 h5 10. h4 Nd7 11. e5 g4 12. Bg6+ Kf8 13. exd6 c6 14. d5 e5 15. dxc6 Bxc6
16. Nd5 Rc8 17. Nc7 Rxc7 18. dxc7 Qxc7 19. Nd4 Bd5 20. c4 Qxc4 21. Rc1 Qxd4 22.
Rc8+ Ke7 23. Qxd4 1-0

[Event "Portugal Open 2018"]
[Site "Lisboa POR"]
[Date "2018.02.06"]
[Round "6.72"]
[White "Alshameary Puente, Daniel"]
[Black "Gonçalves, Samuel"]
[Result "1/2-1/2"]
[WhiteElo "1976"]
[BlackElo "1469"]
[WhiteFideId "22252096"]
[BlackFideId "1945130"]
[WhiteCountry "ESP"]
[BlackCountry "POR"]
[PlyCount "76"]
[EventDate "2018.??.??"]

1. d4 Nf6 2. c4 e6 3. Nf3 c5 4. d5 exd5 5. cxd5 d6 6. Nc3 Be7 7. e4 Bg4 8. Be2
Nbd7 9. Nd2 Bxe2 10. Qxe2 a6 11. a4 O-O 12. O-O Re8 13. Re1 Bf8 14. f4 h6 15.
Nf3 Nxe4 16. Nxe4 f5 17. Nfd2 fxe4 18. Nxe4 Kh8 19. Bd2 Nf6 20. Qd3 Nxe4 21.
Rxe4 Rxe4 22. Qxe4 Qe7 23. Qf5 Kg8 24. Re1 Qf7 25. Qe4 b5 26. f5 Ra7 27. Qf3 b4
28. Re6 Qd7 29. b3 a5 30. f6 c4 31. fxg7 Qxg7 32. Bxh6 Qa1+ 33. Kf2 Rf7 34. Rg6+
Bg7 35. Rxg7+ Qxg7 36. Bxg7 Kxg7 37. Qxf7+ Kxf7 38. Ke3 c3 1/2-1/2

[Event "Portugal Open 2018"]
[Site "Lisboa POR"]
[Date "2018.02.06"]
[Round "6.73"]
[White "Voges, Guilherme"]
[Black "Dias, Ricardo"]
[Result "0-1"]
[WhiteElo "1384"]
[BlackElo "2162"]
[WhiteFideId "1947680"]
[BlackFideId "1930060"]
[WhiteCountry "POR"]
[BlackCountry "POR"]
[PlyCount "36"]
[EventDate "2018.??.??"]

1. e4 e5 2. Nf3 Nc6 3. c3 d5 4. Bb5 dxe4 5. Nxe5 Qg5 6. Qa4 Qxg2 7. Bxc6+ bxc6
8. Qxc6+ Kd8 9. Nxf7+ Ke7 10. Qxc7+ Kf6 11. Qf4+ Bf5 12. Rf1 Qf3 13. Qxf3 exf3
14. Ne5 Kxe5 15. d4+ Kf6 16. Nd2 Re8+ 17. Kd1 Bd6 18. Re1 Bc2+ 0-1

[Event "Portugal Open 2018"]
[Site "Lisboa POR"]
[Date "2018.02.06"]
[Round "6.74"]
[White "Santos, José Alves"]
[Black "Elias, Rúben"]
[Result "1-0"]
[WhiteElo "2150"]
[BlackElo "1836"]
[WhiteFideId "1900366"]
[BlackFideId "1906453"]
[WhiteTitle "NM"]
[WhiteCountry "POR"]
[BlackCountry "POR"]
[PlyCount "131"]
[EventDate "2018.??.??"]

1. e4 e5 2. Nc3 Nf6 3. Nf3 Nc6 4. d4 exd4 5. Nd5 Nxd5 6. exd5 Bb4+ 7. Bd2 Qe7+
8. Qe2 Qxe2+ 9. Bxe2 Bxd2+ 10. Kxd2 Ne7 11. Rhe1 O-O 12. d6 Nc6 13. a3 cxd6 14.
Bc4 b6 15. Bd5 Bb7 16. Nxd4 Nxd4 17. Bxb7 Rae8 18. Rad1 Re5 19. f4 Rc5 20. c3
Ne6 21. Ke3 Re8 22. Kf3 Nc7 23. Re4 f5 24. Red4 d5 25. Bxd5+ Rxd5 26. Rxd5 Nxd5
27. Rxd5 Re1 28. Rxd7 Rf1+ 29. Ke3 Re1+ 30. Kf2 Rb1 31. Rd2 Kf7 32. Ke3 Ke6 33.
Kd3 Rf1 34. g3 h6 35. Kc4 a6 36. a4 Ra1 37. b3 g5 38. Re2+ Kd6 39. Re5 gxf4 40.
gxf4 Rh1 41. Rxf5 Rxh2 42. Rf6+ Kc7 43. a5 bxa5 44. Kc5 Rc2 45. c4 Rb2 46. Rf7+
Kd8 47. Kd6 Rd2+ 48. Kc6 Rb2 49. Rd7+ Ke8 50. Rd3 Rf2 51. Kb6 Rxf4 52. c5 Rb4+
53. Kxa6 a4 54. c6 axb3 55. c7 Rc4 56. Rd8+ Ke7 57. c8=Q Rxc8 58. Rxc8 Kf6 59.
Rc1 h5 60. Kb5 Kf5 61. Kc4 h4 62. Kd3 h3 63. Ke3 b2 64. Rb1 Kg4 65. Kf2 Kf4 66.
Rxb2 1-0

[Event "Portugal Open 2018"]
[Site "Lisboa POR"]
[Date "2018.02.06"]
[Round "6.75"]
[White "Cardoso, Miguel"]
[Black "Guerreiro, Nuno"]
[Result "0-1"]
[WhiteElo "1832"]
[BlackElo "2079"]
[WhiteFideId "1904280"]
[BlackFideId "1903012"]
[WhiteCountry "POR"]
[BlackCountry "POR"]
[PlyCount "88"]
[EventDate "2018.??.??"]

1. d4 Nf6 2. Nf3 g6 3. e3 Bg7 4. Bd3 c5 5. O-O b6 6. Nbd2 Bb7 7. b3 O-O 8. Bb2
Nc6 9. a3 Rc8 10. Rb1 Re8 11. Ne5 d6 12. Nef3 Qc7 13. c4 e5 14. d5 Ne7 15. e4
Nh5 16. Ne1 Rf8 17. Be2 Nf4 18. g3 Nxe2+ 19. Qxe2 Rce8 20. f4 Bc8 21. fxe5 dxe5
22. Nd3 Bd7 23. Nf3 f6 24. a4 Nc8 25. Nh4 Nd6 26. Nf2 Ra8 27. Qd3 a6 28. Bc3
Rfc8 29. Ng2 b5 30. axb5 axb5 31. Ra1 bxc4 32. bxc4 Ba4 33. Rfb1 Ra7 34. Ng4
Rca8 35. N2e3 Bd7 36. Rxa7 Rxa7 37. Rf1 Qd8 38. Ra1 Rxa1+ 39. Bxa1 Qa5 40. Bc3
Qa3 41. Nf2 Qb3 42. Nfd1 Bh6 43. Kf2 Bxe3+ 44. Nxe3 Qxc3 0-1

[Event "Portugal Open 2018"]
[Site "Lisboa POR"]
[Date "2018.02.06"]
[Round "6.76"]
[White "Plasil, Petr"]
[Black "Garcia, António"]
[Result "1-0"]
[WhiteElo "2042"]
[BlackElo "1833"]
[WhiteFideId "359360"]
[BlackFideId "1901931"]
[WhiteCountry "CZE"]
[BlackCountry "POR"]
[PlyCount "61"]
[EventDate "2018.??.??"]

1. d4 d5 2. c4 c6 3. Nf3 Nf6 4. Nc3 e6 5. e3 Nbd7 6. Bd3 dxc4 7. Bxc4 b5 8. Bd3
Bb7 9. e4 b4 10. Na4 c5 11. e5 Nd5 12. O-O cxd4 13. Re1 Be7 14. Nxd4 g6 15. Qg4
Nc7 16. Bh6 Bd5 17. Rac1 Bf8 18. Bg5 Be7 19. Bxe7 Kxe7 20. Nc6+ Bxc6 21. Qxb4+
Ke8 22. Rxc6 Nd5 23. Qd6 Qa5 24. Rec1 Ne7 25. Rc7 Qd5 26. Rxd7 Qxd6 27. Rxd6 Kf8
28. Rc7 Nd5 29. Rb7 Kg7 30. g3 a5 31. Nc5 1-0